Airplane Recognition - Cold War - Statistics

General Stats
  • This quiz has been taken 359 times
  • The average score is 18 of 40
Answer Stats
Picture Answer % Correct
MiG-21
89%
F-104
82%
F-4
82%
Vulcan
77%
B-52
71%
Harrier
68%
MiG-15
68%
U-2
63%
F-111
60%
MiG-25
59%
A-4
58%
Meteor
57%
F-86
56%
A-6
55%
Tu-95
53%
F-100
50%
Su-25
48%
Lightning
47%
B-36
46%
E-2
44%
Su-17
43%
A-1
42%
MiG-23
41%
Yak-38
41%
A-7
39%
Victor
39%
F-106
38%
B-58
36%
Buccaneer
36%
Mirage III
33%
F-105
29%
Su-24
27%
C-2
25%
Tu-16
24%
RA-5
22%
C-141
21%
Su-15
20%
Tu-22
20%
Tu-22M
20%
S-2
17%
No matching quizzes found
Score Distribution
Percent of People with Each Score
Percentile by Number Answered
Your Score History
You have not taken this quiz